01919 a2200277 45000010006000000050017000060080041000230030015000640400040000790800093001192450071002120200022002832640040003053000019003455050933003641000033012977000023013307000020013537000025013737000018013987000022014167000019014387000030014577000022014878560132015091947420260407155500.0260407a2011 arg spa dAR-UNSa-BCEJYS aAR-UNSa-BCEJYSbspacAR-UNSa-BCEJYS a331.101.264xSectores trabajadores y no trabajadores de la población (clase obrera...)10aLa clase obrera y el centenariop1910, trabajos de investigación a978-987-26577-3-4 1aBuenos Aires :bCTA Edicionesc2011 a308 p.c22 cm. a1. Movimiento obrero y anarquismo en Argentina de principios del siglo XX. Perspectivas y discusiones sobre la organización, los métodos de lucha, la violencia, el reformismo y la revolución - 2. Los centros obreros como ámbito de cultura, protesta y política - 3. La difusa clase obrera en 1910: el "cuarto sector" - 4. La clase obrera al sur del centenario. Las luchas de los obreros en el territorio nacional de Santa Cruz en la década de 1910 - 5. El control obrero 1908. El comité pro-reglamentación de la ley de trabajo de mujeres y menores (5291) - 6. La clase obrera marplatense y su situación hacia el centenario - 7. Organizaciones obreras en Mendoza: desde las disputas sobre el concepto de trabajo (1873) al estado de sitio durante el centenario (1910) y la primera federación obrera local (1920)- 8. La situación laboral de las mujeres en Morón y La Matanza hacia la época del centenario 1 aContreras, Gustavo Nicolás1 aTeitelbaum, Vanesa1 aOrsatti, Alvaro1 aAuzoberría, Miguel1 aKandel, Ester1 aGonzález, Lucas1 aSpadari, Oscar1 aSatlari, María Cristina1 aVisconti, Claudia41uhttps://biblioeco.unsa.edu.ar/pmb/images/libros/La Clase Obrera y el Centenario 1910-l118576.jpgyImagen de portadaqimage/jpeg